|
|
|
|
| LEADER |
00669nam a2200253 a 4500 |
| 001 |
adlib96000001 |
| 003 |
ViArRB |
| 005 |
20151026131221.0 |
| 008 |
960221s1955 dcuabcdjdbkoqu001 0deng d |
| 020 |
|
|
|
| 022 |
|
|
|
| 040 |
|
|
|a Adlib
|
| 082 |
|
|
|a 625. 71
|
| 245 |
|
|
|a Flows in Transportation Networks
|
| 250 |
|
|
|
| 260 |
|
|
|a New York
|b Academic Press
|c 1972
|
| 300 |
|
|
|a x, 192 p.
|
| 500 |
|
|
|a
|
| 100 |
|
|
|a Pootts, Renfrey B
|
| 700 |
|
|
|a Oliver, M. Robert
|
| 942 |
|
|
|c BK
|6 _
|
| 653 |
|
|
|a Flows in Transportation Networks
|
| 999 |
|
|
|c 22684
|d 22684
|
| 952 |
|
|
|0 0
|1 0
|4 0
|6 625_71POT
|7 0
|9 34245
|a UL
|b UL
|d 2010-06-16
|o 625. 71 POT
|p 00022788
|r 2010-06-16
|w 2010-06-16
|y BK
|